|
|
|
|
| LEADER |
00759nab a2200157 i 4500 |
| 001 |
delm138459 |
| 005 |
20200106090333.0 |
| 008 |
200106s2007 hu o 0|| hun d |
| 040 |
|
|
|a SZTE Délmagyarország Archívum
|b hun
|
| 041 |
|
|
|a hun
|
| 100 |
1 |
|
|a Újszászi Ilona
|
| 245 |
1 |
0 |
|a Két iskolaépület új gazdára talál majd
|h [elektronikus dokumentum] :
|b Kolozsvári tér: Waldorf, Klebelsbergtelep: Kincsesház /
|c Újszászi Ilona
|
| 260 |
|
|
|c 2007-07-03
|
| 300 |
|
|
|a 5
|
| 490 |
0 |
|
|a Délmagyarország
|v 97 No. 153
|
| 695 |
|
|
|a Szeged, Iskolareform átszervezések, Ingatlanügy iskolaépület, Kossuth Zsuzsanna Szakközépiskola (Szeged), Tisza Lajos Könnyűipari Szakközépiskola (Szeged), Kincsesház Általános Iskola (Szeged), Waldorf Általános Iskola (Szeged)
|